[Event "BAN-chT SAIF POWERTEC 2020"]
[Site "Dhaka"]
[Date "2021.03.26"]
[Round "8.11"]
[White "Sanket Chakravarty"]
[Black "Narayanan.S.L"]
[Result "0-1"]
[WhiteElo "2106"]
[BlackElo "2618"]
[Annotator "TA"]
[PlyCount "118"]
[EventDate "2021.03.19"]
[EventType "team-tourn"]
[EventCountry "BAN"]
[SourceTitle "playchess.com"]
[Source "ChessBase"]
[SourceQuality "1"]

{[%evp 9,118,16,19,27,31,19,27,0,0,-23,19,18,19,17,29,21,22,24,27,25,18,21,26,10,18,0,12,0,1,0,6,-23,0,0,0,0,0,0,0,0,0,0,0,-11,-6,-18,-17,-19,-18,-14,-17,-29,-30,-100,-97,-103,-89,-87,-85,-83,-83,-80,-83,-82,-95,-153,-153,-157,-157,-157,-157,-190,-163,-252,-259,-259,-259,-233,-233,-349,-348,-329,-293,-454,-445,-406,-408,-421,-415,-399,-397,-379,-377,-659,-555,-1328,-1292,-1376,-1378,-29971,-29972,-29974,-29972,-29975,-29976,-12790,-4786,-29981,-29982,-5106,-4779]} 1. c4 e6 2. g3 d5 3. Bg2 d4 4. Nf3 Nc6 5. O-O Nf6 6. e3 {A13: English Opening: 1...e6.} e5 7. exd4 e4 8. Re1 {Threatens to win with d5.White has an edge.} Be7 $1 ({Much weaker is} 8... Nxd4 $6 9. Nxd4 Qxd4 10. Nc3 $16) 9. Ng5 {[#] aiming for d5.} Nxd4 $146 (9... Bg4 $5 {[%cal Rg4d1]} 10. Qa4 O-O $11) ({Predecessor:} 9... Bg4 10. Qa4 O-O 11. h3 Bh5 12. d5 Ne5 13. Nc3 Nd3 14. Rf1 Nd7 15. h4 N7c5 16. Qc2 f5 17. Ngxe4 fxe4 18. Nxe4 Be2 19. Nxc5 Bxc5 {0-1 (19) Simon,H (2190)-Kitte,S (2255) Germany 1995}) 10. Nxe4 Nxe4 11. Bxe4 h5 12. Nc3 c6 13. d3 Bg4 14. f3 Be6 15. Be3 O-O 16. Kh1 Qd7 17. Bxd4 Qxd4 18. f4 g6 19. f5 ({Avoid the trap} 19. Bxg6 $2 Bg4 $1 $19) 19... gxf5 20. Bg2 Rad8 21. Qxh5 Qg4 22. Qxg4+ fxg4 23. Rad1 Bf6 24. Ne4 Bd4 25. b4 Kg7 26. Nc5 Bc8 27. Re7 Rde8 28. Rde1 Rxe7 29. Rxe7 Bf6 30. Re2 Rd8 31. Be4 {[#]} (31. Bf1 $11 {remains equal.}) 31... Bd4 $1 $17 32. Nb3 Bc3 33. d4 Bxd4 34. Rd2 Bf6 35. Rxd8 Bxd8 {[%mdl 4096] Endgame KBB-KBN} 36. Kg2 Kf6 37. b5 (37. Kf2 $142) 37... cxb5 38. cxb5 Ke5 39. Bd3 Be6 40. Kf1 Bb6 41. Kg2 (41. Ke2 {might work better.}) 41... Bd5+ 42. Kf1 f5 43. Be2 Ke4 44. Kg2 (44. Nc1 $142) 44... Ke3+ $19 45. Kf1 Be4 46. a4 (46. Ke1 {was worth a try.}) 46... Bd3 47. Nc1 Bc2 48. Bc4 Bxa4 49. Nb3 a6 50. bxa6 bxa6 {Hoping for ...Bb5.} 51. Bd5 $2 (51. Be6) 51... a5 {[%cal Ba6a5,Ba5a4][%mdl 32]} 52. Kg2 Bd7 53. h3 a4 54. Na1 Kd4 55. Bf7 Kc3 56. hxg4 fxg4 57. Bg6 Bb5 (57... Kb2 $142 58. Nc2 Be6) 58. Bf5 a3 59. Bxg4 Kb2 {Weighted Error Value: White=0.48/Black=0.12} 0-1

[Event "BAN-chT SAIF POWERTEC 2020"]
[Site "Dhaka"]
[Date "2021.03.26"]
[Round "8.12"]
[White "Chatterjee, Debaraj"]
[Black "Mihir Lal, Das"]
[Result "0-1"]
[WhiteElo "2223"]
[BlackElo "1964"]
[Annotator "ChessBase"]
[PlyCount "84"]
[EventDate "2021.03.19"]
[EventType "team-tourn"]
[EventCountry "BAN"]
[SourceTitle "playchess.com"]
[Source "ChessBase"]
[SourceQuality "1"]
[TimeControl "5400+30"]

1. d4 {[%emt 1:30:30]} Nf6 {[%emt 1:30:30]} 2. c4 {[%emt 0:00:30]} e6 {[%emt 0:00:30]} 3. g3 {[%emt 0:00:30]} d5 {[%emt 0:00:30]} 4. Nf3 {[%emt 0:00:30]} Bb4+ {[%emt 0:00:30]} 5. Bd2 {[%emt 0:00:30]} Be7 {[%emt 0:00:30]} 6. Bg2 {[%emt 0:00:30]} O-O {[%emt 0:00:30]} 7. O-O {[%emt 0:00:30]} Ne4 {[%emt 0:00:30]} 8. Qc2 {[%emt 0:00:30]} Nxd2 {[%emt 0:00:30]} 9. Nbxd2 {[%emt 0:00:30]} c6 {[%emt 0:00:30]} 10. e4 {[%emt 0:00:30]} dxe4 {[%emt 0:00:30]} 11. Nxe4 {[%emt 0:00:30]} Nd7 {[%emt 0:00:30]} 12. Rfd1 {[%emt 0:00:30]} Nf6 {[%emt 0:00:30]} 13. Ne5 {[%emt 0:00:30]} Qc7 {[%emt 0:00:30]} 14. Nxf6+ {[%emt 0:00:30]} Bxf6 {[%emt 0:00:30]} 15. Qe4 {[%emt 0:00:30]} c5 {[%emt 0:00:30]} 16. f4 {[%emt 0:00:30]} cxd4 {[%emt 0:00:30]} 17. Rxd4 {[%emt 0:00:30]} Be7 {[%emt 0:00:30]} 18. Kh1 {[%emt 0:00:30]} f6 {[%emt 0:00:30]} 19. Nf3 {[%emt 0:00:30]} a5 {[%emt 0:00:30]} 20. Rad1 {[%emt 0:00:30]} Ra6 {[%emt 0:00:30]} 21. b3 {[%emt 0:00:30]} a4 {[%emt 0:00:30]} 22. R4d3 {[%emt 0:00:30]} axb3 {[%emt 0:00:30]} 23. axb3 {[%emt 0:00:30]} Ra2 {[%emt 0:00:30]} 24. Bh3 {[%emt 0:00:30]} Qb6 {[%emt 0:00:30]} 25. Qe3 {[%emt 0:00:30]} Bc5 {[%emt 0:00:30]} 26. Qe1 {[%emt 0:00:30]} Qc6 {[%emt 0:00:30]} 27. Bg2 {[%emt 0:00:30]} b6 {[%emt 0:00:30]} 28. Nd2 {[%emt 0:00:30]} Qc7 {[%emt 0:00:30]} 29. Qe4 {[%emt 0:00:30]} Qf7 {[%emt 0:00:30]} 30. Qf3 {[%emt 0:00:30]} f5 {[%emt 0:00:30]} 31. h4 {[%emt 0:00:30]} h6 {[%emt 0:00:30]} 32. h5 {[%emt 0:00:30]} Kh7 {[%emt 0:00:30]} 33. Qe2 {[%emt 0:00:30]} Rg8 {[%emt 0:00:30]} 34. Kh2 {[%emt 0:00:30]} g6 {[%emt 0:00:30]} 35. hxg6+ {[%emt 0:00:30]} Qxg6 {[%emt 0:00:30]} 36. Bh3 {[%emt 0:00:30]} h5 {[%emt 0:00:30]} 37. Qf3 {[%emt 0:00:30]} Rg7 {[%emt 0:00:30]} 38. Bg2 {[%emt 0:00:30]} h4 {[%emt 0:00:30]} 39. gxh4 {[%emt 0:00:30]} Bb7 {[%emt 0:00:30]} 40. Qxb7 {[%emt 0:00:30]} Rxb7 {[%emt 0:00:30]} 41. Bxb7 {[%emt 0:00:30]} Qg4 {[%emt 0:00:30]} 42. Rf1 {[%emt 0:00:30]} Qe2+ {[%emt 0:00:30]} 0-1

[Event "BAN-chT SAIF POWERTEC 2020"]
[Site "Dhaka"]
[Date "2021.03.27"]
[Round "9.5"]
[White "Chowdhury, Sohel"]
[Black "Adhiban, B.."]
[Result "0-1"]
[WhiteElo "2149"]
[BlackElo "2659"]
[Annotator "TA"]
[PlyCount "106"]
[EventDate "2021.03.19"]
[EventType "team-tourn"]
[EventCountry "BAN"]
[SourceTitle "playchess.com"]
[Source "ChessBase"]
[SourceQuality "1"]

{[%evp 12,106,-16,-20,6,0,10,19,19,30,25,0,0,6,2,-19,21,-59,-56,-72,-41,-52,-39,-87,-97,-97,-97,-97,-97,-97,-97,-91,-52,-48,-56,-54,-50,-70,-73,-66,-75,-67,-61,-81,-85,-93,-89,-76,-85,-119,-127,-124,-114,-125,-125,-130,-125,-134,-127,-118,-119,-116,-117,-159,-159,-159,-144,-173,-173,-175,-174,-173,-171,-181,-181,-181,-166,-287,-276,-402,-387,-549,-514,-608,-595,-597,-583,-868,-802,-1900,-1519,-1742,-1350,-1682,-1681,-29985,-29983]} 1. e4 c5 2. Nc3 Nc6 3. g3 g6 4. Bg2 Bg7 5. d3 d6 6. Nh3 Rb8 7. f4 b5 {B25: Closed Sicilian: 3 g3, lines without early Be3.} 8. O-O Nd4 9. Nd5 {[%cal Bc3d5,Bd5e3,Be3c4,Bc4e5][%mdl 32]} e6 {The position is equal.} 10. Ne3 b4 11. Bd2 {[#]} Nb5 $146 ({Predecessor:} 11... Ne7 12. c3 Nb5 13. Rc1 O-O 14. g4 bxc3 15. bxc3 d5 16. f5 exf5 17. gxf5 d4 {0-1 (52) Brettschneider,S (2272)-Sroczynski,M (2270) Germany 2016}) 12. Nc4 Ne7 13. e5 Bb7 14. Be3 (14. Bxb7 $11 Rxb7 15. a4 bxa3 16. Rxa3 (16. bxa3 d5 $11)) 14... Bxg2 $15 15. Kxg2 Nf5 16. Bf2 dxe5 17. Nxe5 Qd5+ 18. Qf3 Qxf3+ 19. Kxf3 Nbd4+ 20. Bxd4 Nxd4+ 21. Kf2 Nxc2 22. Rac1 b3 23. axb3 $1 Nb4 {[#] White must now prevent ...Bxe5.} 24. Ke2 Nd5 25. Rxc5 Rxb3 26. Rc2 O-O 27. Ra1 {White is now going downhill.} Nb4 28. Rd2 Bxe5 29. fxe5 Nc6 30. Ng5 Rfb8 31. Ra6 Nxe5 32. Rxa7 Rxb2 33. d4 Nc6 34. Rd7 R2b7 35. Rxb7 Rxb7 $17 {[%mdl 4096] Endgame KRN-KRN} 36. Nf3 Ne7 37. Ke3 Nd5+ 38. Ke2 Kg7 39. Rc2 h6 40. Ne5 g5 41. Kf2 h5 42. h3 Ra7 43. Nf3 Kg6 44. h4 {[#]} (44. Re2 $142) 44... g4 $1 $19 {[%cal Rg4f3]} 45. Ng1 (45. Nd2 $142) 45... Kf5 46. Ne2 (46. Re2 $142 f6 47. Rc2) 46... Ke4 47. Rb2 Ra3 48. Rd2 Rf3+ 49. Ke1 Nb4 50. Nf4 Nd3+ 51. Nxd3 Rxd3 52. Rf2 f5 53. Re2+ Re3 {Weighted Error Value: White=0.65/Black=0.04} 0-1

[Event "BAN-chT SAIF POWERTEC 2020"]
[Site "Dhaka"]
[Date "2021.03.27"]
[Round "9.6"]
[White "Kovalev, Vladislav"]
[Black "Puranik, Abhimanyu"]
[Result "*"]
[WhiteElo "2648"]
[BlackElo "2584"]
[Annotator "RC"]
[PlyCount "23"]
[EventDate "2021.03.19"]
[EventType "team-tourn"]
[EventCountry "BAN"]
[SourceTitle "playchess.com"]
[Source "ChessBase"]
[SourceQuality "1"]
[TimeControl "5400+30"]

1. d4 {[%emt 0:00:00]} d5 {[%emt 0:00:00]} 2. c4 {[%emt 0:00:00]} c6 {[%emt 0:00:08]} 3. Nc3 {[%emt 0:00:02]} Nf6 {[%emt 1:31:22]} 4. cxd5 {[%emt 0:00:33]} cxd5 {[%emt 0:00:00]} 5. Bf4 {[%emt 0:00:03]} Nc6 {[%emt 0:00:00]} 6. e3 {[%emt 1:32:22]} a6 {[%emt 0:00:00]} 7. Be2 {[%emt 0:00:30]} Bf5 {[%emt 0:00:00]} 8. Nf3 {[%emt 0:00:00]} e6 {[%emt 0:00:00]} 9. Qb3 {[%emt 0:00:00]} Bd6 {[%emt 0:00:00]} 10. Bxd6 {[%emt 0:00:00]} Qxd6 {[%emt 0:00:00]} 11. Qxb7 {[%emt 0:00:00]} O-O {[%emt 0:00:00]} 12. Qb3 {[%emt 0:00:00]} *

[Event "BAN-chT SAIF POWERTEC 2020"]
[Site "Dhaka"]
[Date "2021.03.27"]
[Round "9.7"]
[White "Narayanan.S.L"]
[Black "Reefat, Bin-Sattar"]
[Result "*"]
[WhiteElo "2618"]
[BlackElo "2409"]
[Annotator "ChessBase"]
[PlyCount "39"]
[EventDate "2021.03.19"]
[EventType "team-tourn"]
[EventCountry "BAN"]
[SourceTitle "playchess.com"]
[Source "ChessBase"]
[SourceQuality "1"]
[TimeControl "5400+30"]

1. e4 {[%emt 0:00:00]} e5 {[%emt 0:00:00]} 2. Nf3 {[%emt 0:00:00]} Nc6 {[%emt 0:00:00]} 3. Bb5 {[%emt 0:00:00]} a6 {[%emt 0:00:00]} 4. Ba4 {[%emt 0:00:00]} Nf6 {[%emt 0:00:00]} 5. O-O {[%emt 0:00:00]} Nxe4 {[%emt 0:00:03]} 6. d4 {[%emt 0:00:15]} b5 {[%emt 0:00:05]} 7. Bb3 {[%emt 0:00:05]} d5 {[%emt 0:00:04]} 8. dxe5 {[%emt 0:00:06]} Be6 {[%emt 0:00:05]} 9. Nbd2 {[%emt 0:07:36]} Nc5 {[%emt 0:00:40]} 10. c3 {[%emt 0:00:10]} d4 {[%emt 0:00:55]} 11. Bxe6 {[%emt 0:03:25]} Nxe6 {[%emt 0:00:06]} 12. cxd4 {[%emt 0:00:06]} Ncxd4 {[%emt 0:00:49]} 13. a4 {[%emt 0:00:15]} Bb4 {[%emt 0:00:23]} 14. axb5 {[%emt 0:09:41]} Nxb5 {[%emt 0:00:36]} 15. Ne4 {[%emt 0:01:20]} Qxd1 {[%emt 0:01:05]} 16. Rxd1 {[%emt 0:00:03]} Ke7 {[%emt 0:00:13]} 17. Be3 {[%emt 0:00:42]} Rhd8 {[%emt 0:04:55]} 18. Rdc1 {[%emt 0:00:04]} Rd5 {[%emt 0:08:28]} 19. g4 {[%emt 0:02:02]} a5 {[%emt 0:06:45]} 20. Kg2 {[%emt 0:05:09]} *

[Event "BAN-chT SAIF POWERTEC 2020"]
[Site "Dhaka"]
[Date "2021.03.28"]
[Round "10.1"]
[White "Mohammad Fahad, Rahman"]
[Black "Md., Matiur Rahman (Mamu"]
[Result "1-0"]
[WhiteElo "2307"]
[BlackElo "2158"]
[Annotator "NA"]
[PlyCount "67"]
[EventDate "2021.03.19"]
[EventType "team-tourn"]
[EventCountry "BAN"]
[SourceTitle "playchess.com"]
[Source "ChessBase"]
[SourceQuality "1"]
[TimeControl "5400+30"]

1. e4 {[%emt 0:00:00]} e5 {[%emt 0:00:14]} 2. Nf3 {[%emt 0:00:14]} Nc6 {[%emt 0:00:27]} 3. Bb5 {[%emt 0:01:03]} a6 {[%emt 0:00:45]} 4. Ba4 {[%emt 0:00:19]} Nf6 {[%emt 0:00:21]} 5. O-O {[%emt 0:00:17]} b5 {[%emt 0:03:20]} 6. Bb3 {[%emt 0:00:13]} Be7 {[%emt 0:00:16]} 7. Re1 {[%emt 0:00:39]} O-O {[%emt 0:00:17]} 8. a4 {[%emt 0:01:12]} Rb8 {[%emt 0:00:57]} 9. axb5 {[%emt 0:01:07]} axb5 {[%emt 0:00:16]} 10. c3 {[%emt 0:00:12]} d6 {[%emt 0:03:14]} 11. d4 {[%emt 0:00:17]} Qd7 {[%emt 0:03:20]} 12. Nbd2 {[%emt 0:09:43]} Bb7 {[%emt 0:01:36]} 13. d5 {[%emt 0:09:34]} Nd8 {[%emt 0:00:23]} 14. Nf1 {[%emt 0:00:17]} Bc8 {[%emt 0:02:36]} 15. Ng3 {[%emt 0:04:51]} Nb7 {[%emt 0:02:28]} 16. Be3 {[%emt 0:03:17]} Ng4 {[%emt 0:00:41]} 17. Ba7 {[%emt 0:01:48]} Ra8 {[%emt 0:00:18]} 18. Qe2 {[%emt 0:03:24]} Qe8 {[%emt 0:01:07]} 19. c4 {[%emt 0:05:50]} bxc4 {[%emt 0:13:08]} 20. Qxc4 {[%emt 0:01:02]} Bd8 {[%emt 0:00:25]} 21. Ba4 {[%emt 0:08:15]} Bd7 {[%emt 0:06:16]} 22. Bc6 {[%emt 0:02:25]} Bxc6 {[%emt 0:03:40]} 23. Qxc6 {[%emt 0:00:27]} Qxc6 {[%emt 0:00:50]} 24. dxc6 {[%emt 0:00:10]} Rxa7 {[%emt 0:01:47]} 25. Rxa7 {[%emt 0:00:18]} Nc5 {[%emt 0:00:01]} 26. h3 {[%emt 0:00:36]} Nh6 {[%emt 0:01:23]} 27. b4 {[%emt 0:00:50]} Ne6 {[%emt 0:00:35]} 28. b5 {[%emt 0:02:32]} g6 {[%emt 0:00:42]} 29. Rd1 {[%emt 0:03:17]} f5 {[%emt 0:02:03]} 30. b6 {[%emt 0:00:51]} cxb6 {[%emt 0:01:37]} 31. Rxd6 {[%emt 0:00:25]} fxe4 {[%emt 0:00:38]} 32. Rxe6 {[%emt 0:01:41]} exf3 {[%emt 0:00:25]} 33. c7 {[%emt 0:00:12]} Bxc7 {[%emt 0:00:03]} 34. Rxc7 {[%emt 0:00:10]} 1-0

[Event "BAN-chT SAIF POWERTEC 2020"]
[Site "Dhaka"]
[Date "2021.03.28"]
[Round "10.1"]
[White "Rahman, Syed Mahfuzur"]
[Black "Mohammad Fahad, Rahman"]
[Result "0-1"]
[WhiteElo "2158"]
[BlackElo "2307"]
[Annotator "NA"]
[PlyCount "72"]
[EventDate "2021.03.19"]
[EventType "team-tourn"]
[EventCountry "BAN"]
[SourceTitle "playchess.com"]
[Source "ChessBase"]
[SourceQuality "1"]
[TimeControl "5400+30"]

1. d4 {[%emt 0:00:00]} d5 {[%emt 0:00:00]} 2. c4 {[%emt 0:00:05]} c6 {[%emt 0:00:00]} 3. Nc3 {[%emt 0:00:03]} Nf6 {[%emt 0:00:04]} 4. Nf3 {[%emt 0:00:26]} e6 {[%emt 0:00:13]} 5. e3 {[%emt 0:07:20]} Nbd7 {[%emt 0:00:21]} 6. Qc2 {[%emt 0:00:10]} Bd6 {[%emt 0:00:15]} 7. Be2 {[%emt 0:05:11]} O-O {[%emt 0:00:37]} 8. O-O {[%emt 0:06:29]} dxc4 {[%emt 0:00:27]} 9. e4 {[%emt 0:05:13]} e5 $1 {[%emt 0:06:16]} 10. Be3 {[%emt 0:17:09]} b5 {[%emt 0:17:51]} 11. a4 $15 {[%emt 0:09:39]} b4 {[%emt 0:05:49]} 12. Nb1 {[%emt 0:01:56]} exd4 {[%emt 0:07:36]} 13. Bxd4 {[%emt 0:04:10]} c5 {[%emt 0:01:54]} 14. Bxf6 {[%emt 0:03:59]} Qxf6 {[%emt 0:00:14]} 15. Nbd2 {[%emt 0:00:45]} c3 {[%emt 0:11:49]} 16. bxc3 {[%emt 0:03:21]} Ne5 {[%emt 0:00:33]} 17. a5 {[%emt 0:06:50]} bxc3 {[%emt 0:03:18]} 18. Qxc3 {[%emt 0:04:47]} Nxf3+ {[%emt 0:04:55]} 19. Qxf3 {[%emt 0:00:49]} Qh6 {[%emt 0:00:08]} 20. g3 {[%emt 0:03:28]} Qxd2 {[%emt 0:00:21]} 21. Rad1 {[%emt 0:00:42]} Qxa5 {[%emt 0:01:37]} 22. Rxd6 {[%emt 0:00:36]} Be6 {[%emt 0:00:42]} 23. Rc1 {[%emt 0:03:13]} Rfd8 {[%emt 0:08:24]} 24. Rc6 {[%emt 0:07:22]} Rac8 {[%emt 0:00:19]} 25. Ra6 {[%emt 0:00:38]} Qd2 {[%emt 0:05:56]} 26. Rd1 {[%emt 0:02:48]} Qb2 {[%emt 0:00:09]} 27. Rxd8+ {[%emt 0:01:51]} Rxd8 {[%emt 0:00:01]} 28. Rxa7 {[%emt 0:01:40]} Rc8 {[%emt 0:00:18]} 29. Ba6 {[%emt 0:01:50]} Qa1+ {[%emt 0:02:45]} 30. Kg2 {[%emt 0:00:09]} Bc4 {[%emt 0:00:08]} 31. Qf5 {[%emt 0:02:11]} Rf8 {[%emt 0:02:35]} 32. Qxc5 {[%emt 0:00:39]} Qf1+ {[%emt 0:00:09]} 33. Kf3 {[%emt 0:00:10]} Bxa6 {[%emt 0:00:23]} 34. Qc6 {[%emt 0:00:37]} Qd1+ {[%emt 0:00:46]} 35. Kf4 {[%emt 0:00:26]} Qd2+ {[%emt 0:00:27]} 36. Kf3 {[%emt 0:00:28]} Be2+ {[%emt 0:00:18]} 0-1

[Event "BAN-chT SAIF POWERTEC 2020"]
[Site "Dhaka"]
[Date "2021.03.28"]
[Round "10.2"]
[White "Sadhwani, Raunak"]
[Black "Bhuiyan, Golam Mostafa"]
[Result "1-0"]
[WhiteElo "2545"]
[BlackElo "2055"]
[Annotator "ChessBase"]
[PlyCount "95"]
[EventDate "2021.03.19"]
[EventType "team-tourn"]
[EventCountry "BAN"]
[SourceTitle "playchess.com"]
[Source "ChessBase"]
[SourceQuality "1"]
[TimeControl "5400+30"]

1. c4 {[%emt 0:00:00]} Nf6 {[%emt 0:00:00]} 2. Nf3 {[%emt 0:00:00]} g6 {[%emt 0:00:00]} 3. g3 {[%emt 0:00:00]} Bg7 {[%emt 0:00:00]} 4. Bg2 {[%emt 0:00:00]} d6 {[%emt 0:00:07]} 5. O-O {[%emt 0:00:00]} O-O {[%emt 0:00:07]} 6. Nc3 {[%emt 0:00:00]} c5 {[%emt 0:00:35]} 7. d4 {[%emt 0:00:03]} Nbd7 {[%emt 0:04:20]} 8. b3 {[%emt 0:03:39]} Rb8 {[%emt 0:01:17]} 9. Bb2 {[%emt 0:00:22]} a6 {[%emt 0:01:42]} 10. a4 {[%emt 1:30:56]} e6 {[%emt 0:03:09]} 11. dxc5 {[%emt 0:00:00]} dxc5 {[%emt 0:00:24]} 12. Qd6 {[%emt 0:01:00]} Ne8 {[%emt 0:05:12]} 13. Qd2 {[%emt 0:00:30]} Nef6 {[%emt 0:03:57]} 14. Rfd1 {[%emt 0:00:00]} Qc7 {[%emt 0:00:21]} 15. Qd6 {[%emt 0:00:00]} Qxd6 {[%emt 0:04:26]} 16. Rxd6 {[%emt 0:00:00]} Re8 {[%emt 0:15:19]} 17. Rad1 {[%emt 0:00:00]} Bf8 {[%emt 0:05:07]} 18. R6d3 {[%emt 0:00:00]} Bg7 {[%emt 0:00:23]} 19. Kf1 {[%emt 0:03:00]} Re7 {[%emt 0:02:19]} 20. Bc1 {[%emt 0:00:00]} h6 {[%emt 0:51:15]} 21. a5 {[%emt 0:00:00]} b6 {[%emt 0:00:00]} 22. axb6 {[%emt 0:01:30]} Bb7 {[%emt 0:00:00]} 23. Na4 {[%emt 0:00:00]} Bc6 {[%emt 0:00:00]} 24. Bf4 {[%emt 0:00:00]} e5 {[%emt 0:00:00]} 25. Nxe5 {[%emt 0:00:00]} Bxg2+ {[%emt 0:00:00]} 26. Kxg2 {[%emt 0:00:00]} Nxe5 {[%emt 0:00:00]} 27. Rd8+ {[%emt 0:00:00]} Rxd8 {[%emt 0:00:00]} 28. Rxd8+ {[%emt 0:00:00]} Ne8 {[%emt 0:00:00]} 29. b7 {[%emt 0:00:00]} Nc6 {[%emt 0:00:00]} 30. Nxc5 {[%emt 0:00:00]} Bd4 {[%emt 0:00:00]} 31. Rxd4 {[%emt 0:00:00]} Rxb7 {[%emt 0:05:30]} 32. Rd3 {[%emt 0:00:00]} Ra7 {[%emt 0:00:00]} 33. Bxh6 {[%emt 0:00:00]} a5 {[%emt 0:00:00]} 34. Be3 {[%emt 0:00:00]} Ra8 {[%emt 0:01:30]} 35. h4 {[%emt 0:00:00]} Kg7 {[%emt 0:00:00]} 36. Bd2 {[%emt 0:07:00]} Kg8 {[%emt 0:00:00]} 37. Bc3 {[%emt 0:00:00]} Ng7 {[%emt 0:00:00]} 38. g4 {[%emt 0:00:00]} Ra7 {[%emt 0:00:53]} 39. Rd5 {[%emt 0:00:00]} Ne8 {[%emt 0:00:12]} 40. h5 {[%emt 0:00:00]} Nb4 {[%emt 0:00:21]} 41. Rd8 {[%emt 0:00:00]} Kf8 {[%emt 0:00:13]} 42. h6 {[%emt 0:00:00]} f6 {[%emt 0:00:34]} 43. Ne6+ {[%emt 0:00:00]} Ke7 {[%emt 0:01:38]} 44. h7 {[%emt 0:04:00]} Kxe6 {[%emt 0:00:34]} 45. Rxe8+ {[%emt 0:00:00]} Kd6 {[%emt 0:00:33]} 46. h8=Q {[%emt 0:00:00]} Rf7 {[%emt 0:00:25]} 47. Bxf6 {[%emt 0:00:00]} Nc6 {[%emt 0:00:22]} 48. g5 {[%emt 0:02:00]} 1-0

[Event "BAN-chT SAIF POWERTEC 2020"]
[Site "Dhaka"]
[Date "2021.03.28"]
[Round "10.2"]
[White "Sahu, Sekhar Chandra"]
[Black "Ganguly, Surya Shekhar"]
[Result "1/2-1/2"]
[WhiteElo "2049"]
[BlackElo "2635"]
[Annotator "ChessBase"]
[PlyCount "68"]
[EventDate "2021.03.19"]
[EventType "team-tourn"]
[EventCountry "BAN"]
[SourceTitle "playchess.com"]
[Source "ChessBase"]
[SourceQuality "1"]
[TimeControl "5400+30"]

1. c4 {[%emt 0:00:00]} Nf6 {[%emt 0:00:00]} 2. Nc3 {[%emt 0:00:00]} g6 {[%emt 0:00:00]} 3. e4 {[%emt 0:00:20]} d6 {[%emt 0:00:04]} 4. d4 {[%emt 0:00:09]} Bg7 {[%emt 0:00:06]} 5. f4 {[%emt 0:00:24]} c5 {[%emt 0:00:19]} 6. dxc5 {[%emt 0:00:46]} Qa5 {[%emt 0:02:21]} 7. Bd3 {[%emt 0:00:14]} Qxc5 {[%emt 0:04:35]} 8. Nf3 {[%emt 1:32:07]} Nc6 {[%emt 1:26:35]} 9. Na4 {[%emt 0:00:30]} Qa5+ {[%emt 0:00:00]} 10. Nc3 {[%emt 0:00:00]} Be6 {[%emt 0:00:00]} 11. Bd2 {[%emt 0:00:00]} Qb6 {[%emt 0:01:30]} 12. Nd5 {[%emt 0:00:00]} Bxd5 {[%emt 0:00:00]} 13. cxd5 {[%emt 0:00:00]} Nb8 {[%emt 0:01:00]} 14. Qb3 {[%emt 0:00:00]} Nfd7 {[%emt 0:00:30]} 15. Qxb6 {[%emt 0:00:00]} axb6 {[%emt 0:00:00]} 16. Bc3 {[%emt 0:00:00]} Bxc3+ {[%emt 0:00:00]} 17. bxc3 {[%emt 0:00:00]} Nc5 {[%emt 0:01:30]} 18. Kd2 {[%emt 0:00:00]} Nbd7 {[%emt 0:00:00]} 19. Bc2 {[%emt 0:05:00]} O-O {[%emt 0:00:00]} 20. Nd4 {[%emt 0:00:30]} Ra3 {[%emt 0:00:00]} 21. Nb5 {[%emt 0:00:00]} Ra5 {[%emt 0:00:00]} 22. a4 {[%emt 0:00:00]} Rfa8 {[%emt 0:00:00]} 23. Nc7 {[%emt 0:00:00]} Rc8 {[%emt 0:00:00]} 24. Nb5 {[%emt 0:02:00]} Nf6 {[%emt 0:00:00]} 25. Rhe1 {[%emt 0:00:00]} Kf8 {[%emt 0:04:00]} 26. c4 {[%emt 0:01:00]} Ncd7 {[%emt 0:00:00]} 27. Kc3 {[%emt 0:00:00]} h6 {[%emt 0:00:00]} 28. g3 {[%emt 0:00:00]} g5 {[%emt 0:00:00]} 29. Kb4 {[%emt 0:00:00]} Raa8 {[%emt 0:02:00]} 30. Re2 {[%emt 0:00:00]} Nc5 {[%emt 0:00:00]} 31. Rf1 {[%emt 0:00:00]} Na6+ {[%emt 0:01:00]} 32. Kb3 {[%emt 0:00:00]} Nc5+ {[%emt 0:00:00]} 33. Kb4 {[%emt 0:00:00]} Na6+ {[%emt 0:00:00]} 34. Kb3 {[%emt 0:00:00]} Nc5+ {[%emt 0:00:00]} 1/2-1/2

[Event "BAN-chT SAIF POWERTEC 2020"]
[Site "Dhaka"]
[Date "2021.03.28"]
[Round "10.3"]
[White "Sadhwani, Raunak"]
[Black "Deshmukh, Anup"]
[Result "1-0"]
[WhiteElo "2545"]
[BlackElo "2190"]
[Annotator "ChessBase"]
[PlyCount "51"]
[EventDate "2021.03.19"]
[EventType "team-tourn"]
[EventCountry "BAN"]
[SourceTitle "playchess.com"]
[Source "ChessBase"]
[SourceQuality "1"]
[TimeControl "5400+30"]

1. d4 {[%emt 0:00:00]} c6 {[%emt 0:00:00]} 2. Bf4 {[%emt 0:00:57]} Qb6 {[%emt 0:01:25]} 3. b3 {[%emt 0:01:21]} d6 {[%emt 0:00:55]} 4. e3 {[%emt 0:02:07]} g5 {[%emt 0:01:19]} 5. Bg3 {[%emt 0:00:06]} Bg7 {[%emt 0:00:15]} 6. h4 {[%emt 0:02:47]} c5 {[%emt 0:03:21]} 7. c3 {[%emt 0:00:09]} g4 {[%emt 0:05:44]} 8. h5 {[%emt 0:01:39]} cxd4 {[%emt 0:06:46]} 9. exd4 {[%emt 0:00:41]} Nc6 {[%emt 0:00:16]} 10. Nd2 {[%emt 0:00:23]} d5 {[%emt 0:03:56]} 11. Ne2 {[%emt 0:04:50]} h6 {[%emt 0:08:47]} 12. Nf4 {[%emt 0:01:20]} Nf6 {[%emt 0:00:22]} 13. Bh4 {[%emt 0:09:11]} Nxd4 {[%emt 0:11:43]} 14. cxd4 {[%emt 0:06:18]} Qxd4 {[%emt 0:00:11]} 15. Bg3 {[%emt 0:06:21]} Ne4 {[%emt 0:05:40]} 16. Nxe4 {[%emt 0:03:43]} Qxe4+ {[%emt 0:02:39]} 17. Be2 {[%emt 0:00:22]} Bc3+ {[%emt 0:05:28]} 18. Kf1 {[%emt 0:00:05]} e6 {[%emt 0:23:47]} 19. Rc1 {[%emt 0:01:07]} Bb2 {[%emt 0:05:36]} 20. Rc2 {[%emt 0:00:30]} Bg7 {[%emt 0:01:57]} 21. Bxg4 {[%emt 0:00:38]} Bd7 {[%emt 0:00:48]} 22. Kg1 {[%emt 0:00:23]} O-O {[%emt 0:00:21]} 23. Nxd5 {[%emt 0:01:33]} Rfd8 {[%emt 0:00:57]} 24. Bf3 {[%emt 0:00:56]} Qh7 {[%emt 0:01:08]} 25. Ne7+ {[%emt 0:00:07]} Kh8 {[%emt 0:00:23]} 26. Rd2 {[%emt 0:00:07]} 1-0